[Event "10. Karpov-Turnier"]
[Site "Poikovsky RUS"]
[Date "2009.06.05"]
[Round "3"]
[White "Motylev, Alexander"]
[Black "Shirov, Alexei"]
[Result "1-0"]
[WhiteElo "2677"]
[BlackElo "2745"]
[PlyCount "47"]
[EventDate "2009.06.03"]
[EventType "tourn"]
[EventRounds "9"]
[EventCountry "RUS"]
[EventCategory "18"]
[Source "Mark Crowther"]
[SourceDate "2009.01.05"]

{C48: Vierspringerspiel (Rubinstein-Variante)} 1. e4 e5 2. Nf3 Nc6 3. Nc3 Nf6
4. Bb5 Nd4 5. Bc4 d6 6. Nxd4 exd4 7. Nd5 Nd7 8. O-O (8. d3 g6 9. Qf3 Ne5 10.
Nf6+ Ke7 11. Qg3 Bg7 12. Nd5+ Kf8 13. Bb3 h5 14. h4 c6 15. Nf4 a5 16. a3 a4 17.
Ba2 Ng4 18. Bd2 Be5 19. Qf3 Qf6 20. Ne2 Be6 21. c3 Bxa2 22. Rxa2 Qe6 {Pedersen,
N (2417)-Antonsen,M (2442)/Daenemark 2009/1-0}) 8... g6 $146 (8... c6 9. Nf4 b5
(9... g6 10. c3 Qf6 11. d3 dxc3 12. bxc3 Qxc3 13. Rb1 Qa5 14. Bb2 Ne5 15. Ne2
Rg8 16. Bb3 Qa6 17. Nc1 Bg7 18. f4 Ng4 19. Qd2 Be6 20. Bxg7 Rxg7 21. h3 Nf6 22.
Qc3 Qb6+ 23. Kh2 Qd8 24. Ne2 {Andreikin,D (2481)-Stefanova,A (2502)/Moskau
2006/1-0}) 10. Be2 g6 11. c3 Bh6 12. d3 Bg7 13. Qc2 dxc3 14. bxc3 O-O 15. d4
Nb6 16. Be3 Bd7 17. Rfd1 Re8 18. Rab1 Rc8 19. Bd3 a6 20. Ne2 c5 21. Qd2 Be6 22.
d5 Bd7 23. Bg5 {Sutovsky,E (2654)-Bacrot,E (2725)/Khanty Mansiysk 2005/1/2-1/2}
) 9. c3 Bg7 10. cxd4 Bxd4 11. d3 c6 12. Ne3 O-O 13. Kh1 (13. a4 Qe7 $11) 13...
Nc5 (13... b5 14. Bb3 $15) 14. f4 (14. a4 $5 $11) 14... d5 $15 15. exd5 cxd5
16. Bb3 Re8 17. Qf3 Nxd3 (17... Nxb3 18. axb3 Qb6 19. Nxd5 Qxb3 20. Ra5 $15)
18. f5 Kh8 (18... Nxc1 $142 $5 19. fxg6 fxg6 20. Raxc1 Kh8 (20... Bxe3 $4 21.
Qf7+ Kh8 22. Rc7 $18) (20... Rxe3 $4 21. Qf7+ Kh8 22. Rc7 $18) 21. Nxd5 Bf5 $15
) 19. fxg6 $14 fxg6 (19... Nxc1 $2 20. gxf7 (20. Raxc1 $143 fxg6 21. Nxd5 Bf5
$11) 20... Nxb3 21. fxe8=Q+ Qxe8 22. axb3 $18) 20. Qd1 Bxe3 21. Qxd3 d4 $4 (
21... Bxc1 $142 22. Qd4+ Kg8 23. Raxc1 Qb6 24. Qxd5+ Be6 $14) 22. Bxe3 $18 Rxe3
23. Rf8+ Kg7 24. Rg8+ (24. Rg8+ Kh6 25. Qxe3+ (25. Rxd8 $6 Rxd3 26. Rc1 Rd2 $16
) 25... dxe3 26. Rxd8 $18) (24. Rxd8 Rxd3 25. Rc1 b5 26. Rcxc8 Rxc8 27. Rxc8
Rd2 28. Rc7+ Kf6 $18) 1-0

[Event "TOP 16 Poule Basse"]
[Site "Le Port Marly FRA"]
[Date "2009.05.28"]
[Round "8"]
[White "Delchev, Aleksander"]
[Black "Kotronias, Vasilios"]
[Result "0-1"]
[WhiteElo "2648"]
[BlackElo "2610"]
[PlyCount "58"]
[EventDate "2009.05.28"]
[EventType "team-tourn"]
[EventRounds "11"]
[EventCountry "FRA"]
[Source "Mark Crowther"]
[SourceDate "2009.01.05"]

{B33: Sizilianisch (Sweschnikow-Variante)} 1. e4 c5 2. Nf3 Nc6 3. d4 cxd4 4.
Nxd4 Nf6 5. Nc3 e5 6. Ndb5 d6 7. Bg5 a6 8. Na3 b5 9. Bxf6 gxf6 10. Nd5 f5 11.
c3 Bg7 12. Bd3 Be6 13. Nxb5 axb5 14. Bxb5 Bd7 15. exf5 e4 16. O-O O-O 17. a4
Re8 18. Qg4 Kh8 19. Rad1 Rc8 $146 (19... Re5 20. Qf4 (20. Ne3 d5 21. Rxd5 Rxd5
22. Nxd5 Ne5 23. Qxe4 Bxf5 24. Qxf5 Qxd5 25. Re1 Rd8 26. h3 h6 27. b4 Rd6 28.
Re3 Rg6 29. g3 Rg5 30. Qc8+ Kh7 31. h4 Rg6 32. Qf5 Kg8 33. Bf1 Re6 34. a5 Qa2 {
Kotronias,V (2587)-Parligras,M (2611)/Dresden 2008/1-0} 35. Be2 Qd2 36. Kg2
Qd5+ 37. Qe4 Qxe4+ 38. Rxe4 Nc6 39. Rxe6 fxe6 40. a6 Na7 41. b5 Be5 42. b6 Nc8
43. b7 Na7 44. Bc4 Kf7 45. f4 Bb8 46. f5 Nc6 47. Bxe6+ Kf6 48. Kf3 Na7 49. Bd7
Ke5 {Kotronias,V (2587)-Parligras,M (2611)/Dresden 2008/1-0}) 20... Bf6 21. Qe3
Rb8 22. c4 Bg5 23. Qc3 f6 24. Qa3 Ne7 25. Nxf6 Bxf5 26. Rxd6 Qf8 27. Nd7 Bxd7
28. Rxd7 e3 29. Qc3 Qf6 30. f4 Bxf4 31. Rxe7 e2 32. Re1 Qxe7 33. Rxe2 Kg8 34.
Rxe5 {Ortiz Suarez,I (2399)-Otero,D (2400)/Santa Clara 2005/0-1}) (19... Re5
20. Ne3 Qf6 21. Qf4 $14) 20. Rfe1 $14 Re5 21. Ne3 Qf6 22. Qh5 (22. Qe2 Bxf5 23.
Nxf5 Qxf5 24. Rxd6 Nb8 $14) 22... Bxf5 23. Nxf5 (23. Ng4 Bxg4 24. Qxg4 Qe6 25.
Qxe6 Rxe6 $11) 23... Rxf5 $15 (23... Qxf5 $143 24. Qxf5 Rxf5 25. Rxd6 $16) 24.
Qh3 Ne5 25. Rxe4 Rg8 26. Rf1 (26. Re2 Bh6 27. g3 d5 $11) 26... Qg6 $15 27. Re3
$4 (27. Be2 $142 Rxf2 28. Rxf2 Qxe4 29. b4 $17) 27... Rh5 $19 28. Qg3 (28. Rg3
Qh6 29. f4 Rxh3 30. Rxh3 Qe6 31. fxe5 dxe5 $19) 28... Qh6 29. Re4 $4 (29. h3
Bf6 30. Qh2 $19) 29... Rxh2 (29... Rxh2 30. Qxh2 Nf3+ 31. gxf3 Be5+ 32. Qg3
Bxg3 33. fxg3 Rxg3+ 34. Kf2 Qh2+ 35. Ke3 Qxb2 $19) 0-1

[Event "Super GM"]
[Site "Sofia "]
[Date "2009.05.23"]
[Round "10"]
[White "Shirov, Alexei"]
[Black "Carlsen, Magnus"]
[Result "1-0"]
[WhiteElo "2745"]
[BlackElo "2770"]
[PlyCount "59"]
[EventDate "2009.05.13"]
[Source "Mark Crowther"]
[SourceDate "2009.01.05"]

{B33: Sizilianisch (Sweschnikow-Variante)} 1. e4 c5 2. Nf3 Nc6 3. d4 cxd4 4.
Nxd4 Nf6 5. Nc3 e5 6. Ndb5 d6 7. Bg5 a6 8. Na3 b5 9. Bxf6 gxf6 10. Nd5 Bg7 11.
Bd3 Ne7 12. Nxe7 Qxe7 13. c4 f5 14. O-O O-O 15. Qh5 Rb8 16. exf5 e4 17. Rae1
Bb7 18. Qg4 Rfe8 19. cxb5 d5 20. bxa6 Bc6 21. b3 (21. Be2 Rxb2 22. Rc1 h5 23.
Qxh5 Ba4 24. f6 Bxf6 25. Qxd5 Rxe2 26. Qc4 Qxa3 27. Qxe2 Qd3 28. Qg4+ Kf8 29.
a7 Bd4 30. Qf5 Bxa7 31. Rc7 Re7 32. Qc8+ Be8 33. Rxe7 Kxe7 34. Qb7+ Qd7 35.
Qxe4+ Kf8 {Najer,E (2670)-Yakovich,Y (2566)/Novokuznetsk 2008/1-0}) 21... Kh8
$146 (21... Bd7 22. a7 Rb7 23. Nc4 Rd8 24. Ne3 exd3 25. Nxd5 Qd6 26. Qg5 f6 27.
Qg4 Bc6 28. Nc3 Qb4 29. Qxb4 Rxb4 30. Re6 Ba8 31. Rd1 Kf7 32. Na4 Rg4 33. g3
Bf3 34. a8=Q Bxa8 35. f4 Bh6 36. Kf2 {Fier,A (2526)-Cordova,E (2477)/Buenos
Aires 2007/0-1}) (21... h5 22. Qg3 h4 $16) 22. Nc2 $16 Be5 (22... Rbc8 $5 23.
Be2 Ba8 $16) 23. Be2 $18 d4 24. Bc4 Rg8 25. Qh3 Rg7 (25... e3 26. g3 (26. fxe3
$143 Qh4 27. Rf3 Qxh3 28. Rxh3 Rxg2+ 29. Kf1 Rxc2 $17) 26... Qd6 27. Rd1 (27.
Bxf7 $6 Rg7 28. Bg6 Qd5 29. fxe3 Qh1+ 30. Kf2 Qf3+ 31. Kg1 Qh1+ 32. Kf2 Qf3+
33. Kg1 Qh1+ $11) 27... exf2+ 28. Kxf2 $16) 26. g3 $18 Rbg8 27. Qh6 Qc7 $2 (
27... Ba8 $142 28. a3 Qc5 $16) 28. Nb4 $18 Ba8 29. Nd5 Qd8 (29... Qd7 30. Rxe4
Qxf5 $18) 30. Rxe4 (30. Rxe4 f6 31. Rxe5 fxe5 32. Nf6 $18) 1-0

[Event "39.  Bosna"]
[Site "Sarajevo BIH"]
[Date "2009.05.09"]
[Round "2"]
[White "Eljanov, Pavel"]
[Black "Sokolov, Ivan"]
[Result "1-0"]
[WhiteElo "2693"]
[BlackElo "2669"]
[PlyCount "63"]
[EventDate "2009.05.08"]
[EventType "tourn"]
[EventRounds "10"]
[EventCountry "BIH"]
[EventCategory "18"]
[Source "Mark Crowther"]
[SourceDate "2009.01.05"]

{D15: Damengambit (Slawische Verteidigung)} 1. d4 d5 2. c4 c6 3. Nf3 Nf6 4. Nc3
a6 5. e3 b5 6. c5 g6 7. Ne5 Bg7 8. Be2 Nfd7 9. f4 Nxe5 10. fxe5 f6 (10... O-O
11. O-O a5 12. a3 Na6 13. e4 dxe4 14. Nxe4 Nc7 15. Be3 {Brodsky,M (2595)
-Burmakin,V (2581)/Tromsoe 2007/ 1/2-1/2}) 11. exf6 exf6 12. e4 b4 13. Na4 $146
(13. Nxd5 cxd5 14. exd5 O-O {Mohandesi,S (2342)-Lukov,V (2458)/Creteil 2002/ 1/
2-1/2}) 13... dxe4 14. Nb6 Ra7 15. Qb3 Re7 16. Nxc8 Qxc8 17. Bf4 f5 18. O-O-O
Nd7 19. Bd6 (19. Qa4 O-O $14) 19... Nf6 20. Bc4 (20. g4 Bh6+ 21. Kb1 f4 $14)
20... Rd7 (20... a5 21. Kb1 $16) 21. Kb1 Qb7 (21... h5 22. Be6 $16 (22. Qxb4 $6
Nd5 23. Qa4 Kf7 $11)) 22. Qa4 Qa8 (22... b3 23. axb3 Qc8 24. d5 cxd5 25. Bxd5
Nxd5 26. Rxd5 $18) 23. g4 (23. Be6 $142 Re7 24. d5 $18) 23... Nd5 $2 (23...
Nxg4 $142 $5 24. d5 Ne5 25. Bxe5 Bxe5 26. dxc6 Rc7 $16) 24. gxf5 (24. Bxd5 $142
cxd5 25. gxf5 $18) 24... gxf5 $2 (24... Ne3 25. Be6 Nxd1 26. Rxd1 Qb7 27. Bxd7+
Qxd7 28. fxg6 hxg6 $18) 25. Bxd5 cxd5 26. Rhf1 Kd8 27. Rxf5 Re8 (27... e3 28.
Re1 a5 29. Bg3 $18) 28. Qxb4 (28. Rdf1 $142 Qb7 29. c6 $18) 28... Re6 (28... a5
29. Qb6+ Kc8 $18) 29. Rdf1 Kc8 30. Rf8+ $1 Bxf8 31. Rxf8+ (31. Bxf8 $143 Qb7
32. Qa5 Qb5 33. Qxb5 axb5 $15) 31... Rd8 (31... Re8 32. Rxe8+ Rd8 33. Qa5 Qb8
34. Rxd8+ Kb7 35. Qb6+ Ka8 36. Rxb8#) 32. Qb6 (32. Qb6 Rexd6 33. cxd6 Kd7 34.
Qc7+ Ke6 35. Qe7#) 1-0

[Event "TOP 16 GpA"]
[Site "Mulhouse FRA"]
[Date "2009.05.03"]
[Round "7"]
[White "Bacrot, Etienne"]
[Black "Vachier Lagrave, Maxime"]
[Result "0-1"]
[WhiteElo "2728"]
[BlackElo "2684"]
[PlyCount "62"]
[EventDate "2009.04.30"]
[EventType "team"]
[EventRounds "7"]
[EventCountry "FRA"]
[Source "Mark Crowther"]
[SourceDate "2009.01.05"]

{B81: Sizilianisch (Keres-Angriff)} 1. e4 c5 2. Nf3 d6 3. d4 cxd4 4. Nxd4 Nf6
5. Nc3 a6 6. Be3 e6 7. g4 e5 8. Nf5 Nc6 (8... g6 9. Qe2 gxf5 10. exf5 Bd7 11.
Rg1 Bc6 12. O-O-O Qa5 13. Bg2 Bxg2 14. Rxg2 Nc6 15. g5 Nb4 16. gxf6 Nxa2+ 17.
Nxa2 Qxa2 18. c3 O-O-O 19. Bb6 Bh6+ 20. Kc2 Qa4+ 21. Kb1 Rdg8 22. Rg3 Qc6 23.
Ba5 {Madl,I (2380)-Hutters,T (2465)/Kobanya 1991/1/2-1/2 (43)}) 9. Bg2 $146 g6
10. g5 (10. Nd5 $5 Nxd5 11. exd5 gxf5 12. dxc6 bxc6 13. Bxc6+ Bd7 14. Bxa8 Qxa8
15. Rg1 fxg4 16. Qd2 $11) 10... gxf5 $15 11. exf5 Rg8 (11... Ng8 12. Qf3 $15)
12. Bd5 Nxd5 13. Nxd5 Bg7 14. f6 Be6 15. Bb6 (15. fxg7 $143 Qa5+ 16. Nc3 d5 $17
) 15... Bxd5 16. Bxd8 Bxh1 17. Bb6 $2 (17. Be7 $142 $5 Nxe7 18. Qxd6 Bxf6 19.
Qxf6 $11) 17... Bxf6 $1 $17 18. Ke2 (18. gxf6 Rg1+) 18... Bd8 19. Bxd8 Nd4+ (
19... Rxd8 $143 20. Qxh1 Rxg5 21. Qe4 $14) 20. Ke3 Rxd8 (20... Kxd8 $6 21. Qxh1
Nxc2+ 22. Kd2 Nxa1 23. Qxb7 $11) 21. Qxh1 Nxc2+ 22. Kd2 Nxa1 23. h4 d5 (23...
f6 24. f4 fxg5 (24... exf4 $6 25. Qe4+ Kf8 26. Qxf4 $11) 25. fxg5 Rf8 26. Qxa1
Rd7 $17) 24. Qxa1 $15 Rg6 25. b3 Re6 26. f4 d4 27. fxe5 d3 28. Qf1 (28. a4 $5
$15) 28... Rxe5 $17 29. Qf6 $4 (29. Qa1 $142 Rdd5 30. Qc3 $17) 29... Re2+ $19
30. Kd1 Re6 31. Qh8+ Ke7 (31... Ke7 32. Qc3 d2 $19) 0-1

[Event "4. FIDE-Grandprix"]
[Site "Nalchik"]
[Date "2009.04.28"]
[Round "12"]
[White "Leko,  Peter"]
[Black "Kasimdzhanov,  Rustam"]
[Result "1-0"]
[WhiteElo "2751"]
[BlackElo "2695"]
[PlyCount "59"]
[Source "Mark Crowther"]
[SourceDate "2009.01.05"]

{C42: Russische Verteidigung (Petrow)} 1. e4 e5 2. Nf3 Nf6 3. Nxe5 d6 4. Nf3
Nxe4 5. d4 d5 6. Bd3 Nc6 7. O-O Be7 8. Nc3 Nxc3 9. bxc3 Bg4 10. Re1 O-O 11. Bf4
Bd6 12. Bxd6 Bxf3 13. Qxf3 Qxd6 14. Re3 Rae8 15. Rae1 Rxe3 16. Rxe3 g6 17. h4
Nb8 $146 (17... Qd8 18. g3 h5 19. Bf1 Qd7 20. Bg2 Rd8 21. Qf4 Qd6 22. Qh6 b5
23. g4 hxg4 24. h5 Ne7 25. Qg5 Kf8 26. Qxg4 c6 27. Qg5 gxh5 28. f4 Ng8 29. Rg3
Nf6 30. Qg7+ Ke7 31. Re3+ Ne4 32. Qg5+ {Areshchenko,A (2664)-Landa,K (2613)/
Emsdetten 2008/1/2-1/2}) 18. h5 Nd7 19. g4 Nf6 20. h6 Kh8 (20... c6 21. c4 dxc4
22. Bxc4 Qxd4 23. g5 $11) 21. Re5 (21. c4 c6 $14) 21... c6 22. c4 Ng8 (22...
Nd7 23. Re1 dxc4 24. Bxc4 Qxd4 25. Bxf7 $11) 23. Qe3 dxc4 24. Bxc4 g5 (24... b5
$5 25. Bb3 a5 $14) 25. Rxg5 $16 Nxh6 26. Qe4 (26. Bd3 Qe6 27. Kf1 Qxe3 28. fxe3
$16) 26... f6 (26... Ng8 $142 $5 $14) 27. Rh5 $18 f5 28. gxf5 Nxf5 $4 (28...
Qf6 $142 29. Be6 Qg7+ 30. Kf1 Ng4 $18) 29. Be6 $18 Qxd4 (29... Rf6 30. Bxf5 (
30. Rxf5 $6 Qxe6 31. Re5 Rg6+ 32. Kf1 Qxa2 $11) 30... h6 31. c4 $18) 30. Rxh7+
$3 (30. Rxh7+ Kxh7 31. Bxf5+ Rxf5 32. Qxd4 (32. Qxf5+ $6 Kh6 $11) 32... Rg5+
33. Kf1 $18) 1-0

[Event "4. FIDE-Grandprix"]
[Site "Nalchik RUS"]
[Date "2009.04.21"]
[Round "6"]
[White "Aronian, Levon"]
[Black "Ivanchuk, Vassily"]
[Result "1-0"]
[WhiteElo "2754"]
[BlackElo "2746"]
[PlyCount "79"]
[EventDate "2009.04.15"]
[Source "Mark Crowther"]
[SourceDate "2009.01.05"]

{A32: Englische Eröffnung (Symmetrische Variante)} 1. Nf3 c5 2. c4 Nf6 3. d4
cxd4 4. Nxd4 a6 5. Nc3 e6 6. Bg5 Qc7 (6... d6 7. e3 Be7 8. Be2 O-O 9. O-O Bd7
10. Qd2 Qc7 11. Rfd1 Rd8 12. Nf5 exf5 13. Bxf6 Bxf6 14. Nd5 Qc5 15. b4 Qc6 16.
Bf3 Qxc4 17. Rac1 Qh4 18. g3 Qh6 19. Nb6 Bc6 20. Bxc6 Nxc6 21. Nxa8 {Garcia
Palermo,C (2460)-Wahls,M (2565)/Deutschland 1990/1-0}) 7. e3 (7. Bxf6 gxf6 8.
e3 Nc6 9. Ne4 Bb4+ 10. Nc3 f5 11. Nxc6 bxc6 12. g3 Bb7 13. Bg2 h5 14. Qd4 e5
15. Qh4 Qa5 16. O-O Be7 17. Qh3 e4 18. f3 exf3 19. Rxf3 Qb6 20. Qxf5 O-O-O 21.
Na4 Qb4 {Caudillo Duran,R-Carreto Nieto,G/Hermosillo 2002/0-1}) 7... b6 $146 (
7... Be7 8. Be2 O-O 9. O-O b6 10. Bf3 Bb7 11. Rc1 Rc8 12. b3 d6 13. Bxb7 Qxb7
14. Bxf6 Bxf6 15. f4 g6 16. f5 exf5 17. Nd5 Be5 18. Qf3 Ra7 19. Nxf5 gxf5 20.
Qxf5 Qd7 21. Qg5+ Kh8 22. Nxb6 {Wells,P (2410)-Plaskett,J (2470)/Eastbourne
1990/0-1}) (7... Nc6 8. Bd3 Be7 9. O-O h5 10. Bh4 Ng4 11. Bg3 Nce5 12. Ne4 f5
13. Nd2 g5 14. Qe2 f4 15. exf4 Nxd3 16. fxg5 Nf4 17. Qe4 Bxg5 18. N2f3 Nf6 19.
Bxf4 Qxf4 20. Qg6+ Kd8 21. Qxg5 Qxg5 22. Nxg5 {Griffiths,B-Dyce,A (2160)/
Cardiff 1995/1-0}) (7... Nc6 8. Be2 $14) 8. Bd3 Bb7 9. O-O Nc6 10. Rc1 Rc8 11.
Be2 (11. Ncb5 Qd8 12. Nxc6 Rxc6 $14) 11... Be7 12. Nxc6 Bxc6 13. Nd5 exd5 14.
Bxf6 Bxf6 15. cxd5 Bxb2 16. Rc2 Be5 17. dxc6 dxc6 18. Bxa6 Rd8 19. Qf3 c5 20.
Bb5+ Kf8 21. g3 g6 22. Rd1 Kg7 23. Rcd2 Rxd2 24. Rxd2 Rd8 25. Rxd8 Qxd8 26. Kg2
h5 27. Qe4 Bc3 28. Qb7 Bf6 29. Bc4 Qe7 30. Qd5 h4 31. e4 hxg3 32. hxg3 Bd4 33.
f4 f6 (33... Qf6 34. Kf3 $11) 34. Kf3 Kh6 35. Qg8 g5 36. e5 fxe5 $4 (36... Qg7
$142 $14) 37. Bd3 $18 e4+ 38. Bxe4 Qg7 39. Qe6+ Qf6 40. Qd7 (40. Qd7 g4+ 41.
Qxg4 Ba1 42. Qd7 Qc3+ 43. Bd3 Qh8 44. g4 Qa8+ 45. Kg3 Qg8 46. g5+ Kh5 47. Qh3#)
1-0

[Event "4. FIDE-Grandprix"]
[Site "Nakchik "]
[Date "2009.04.17"]
[Round "3"]
[White "Karjakin, Sergey"]
[Black "Aronian, Levon"]
[Result "1-0"]
[WhiteElo "2721"]
[BlackElo "2754"]
[PlyCount "67"]
[EventDate "2009.??.??"]
[Source "Mark Crowther"]
[SourceDate "2009.01.05"]

{C88: Spanische Partie (Geschlossenes System)} 1. e4 e5 2. Nf3 Nc6 3. Bb5 a6 4.
Ba4 Nf6 5. O-O Be7 6. Re1 b5 7. Bb3 O-O 8. a4 b4 9. d4 d6 10. dxe5 dxe5 11.
Qxd8 Rxd8 12. Nbd2 (12. Bg5 Rb8 13. Nbd2 h6 14. Bxf6 Bxf6 15. Bd5 Na5 16. Nb3
Nxb3 17. cxb3 c6 18. Bc4 a5 19. h3 Bb7 20. Rad1 Kf8 21. Kf1 g6 22. Ke2 Ke7 23.
Rxd8 Rxd8 24. Bd3 Ke6 25. Rd1 Be7 26. g4 Bd6 {Ulibin,M (2511)-Negi,P (2600)/
New Delhi 2009/1/2-1/2}) 12... Bd6 $146 (12... Bc5 13. h3 h6 14. Nc4 Re8 15. a5
Bb7 16. Ba4 Re6 17. c3 Rd8 18. Bc2 Re7 19. Nfd2 Ba7 20. Nb3 Ne8 21. Ne3 Red7
22. Ra4 bxc3 23. bxc3 Nd6 24. Ba3 Ne7 25. Nc5 Bxc5 26. Bxc5 Bc6 27. Raa1 {
Inarkiev,E (2669)-Akopian,V (2679)/Elista 2008/1/2-1/2} Bb5 28. Reb1 Kf8 29. f3
Ke8 30. Ba3 Ra8 31. Bb3 Bc6 32. c4 f5 33. exf5 Nexf5 34. Nxf5 Nxf5 35. Re1 Nd4
36. Rxe5+ Kf7 37. Bd1 Rb8 38. f4 Nb3 39. Rb1 Rd2 40. Re2 Rbd8 41. Rxb3 Rxd1+
42. Kh2 {Inarkiev,E (2669)-Akopian,V (2679)/Elista 2008/1/2-1/2}) (12... h6 13.
a5 Bb7 14. Bc4 Bd6 15. Bd3 Nd7 16. Nb3 Nc5 17. Nxc5 Bxc5 18. Be3 Bd6 19. Nd2
Nd4 20. Nc4 Ne6 21. b3 Kf8 22. Nxd6 Rxd6 23. Bc4 Nd4 24. Rac1 g5 25. f3 Bc8 26.
c3 bxc3 27. Rxc3 {Galic,I (2316)-Stojanovic,D (2455)/Kallithea 2008/0-1}) 13.
a5 h6 14. Bc4 Kf8 15. b3 Ke7 (15... Re8 16. h3 $11) 16. Bd5 $14 Nxd5 17. exd5
Na7 18. Nxe5 Kf8 19. Ndc4 Bxe5 20. Rxe5 Nc6 21. Bg5 hxg5 22. dxc6 f6 23. Rc5
Be6 24. Nb6 Rab8 25. Nd7+ Bxd7 26. cxd7 Rxd7 27. Rc6 (27. Kf1 Rb7 $14) 27...
Rb5 $2 (27... Rd2 $142 $5 $11) 28. Rxa6 $16 Rd2 29. Ra8+ Kf7 (29... Ke7 30. h4
Rc5 31. a6 Rcxc2 32. hxg5 fxg5 33. Rc8 Rxf2 34. Rxc7+ Rxc7 35. Kxf2 $16) 30. g4
(30. g3 Rc5 31. a6 Rcxc2 $16) 30... Rc5 $16 31. a6 Rcxc2 32. Rc8 c6 $4 (32...
Rxf2 $142 33. Rxc7+ Rxc7 $16) 33. a7 $18 Rxf2 34. Rh8 (34. Rh8 Rg2+ 35. Kh1 $18
) 1-0

[Event "16. Team-Meisterschaft"]
[Site "Dagomys RUS"]
[Date "2009.04.05"]
[Round "2"]
[White "Shirov, Alexander"]
[Black "Wang, Hao"]
[Result "1-0"]
[WhiteElo "2745"]
[BlackElo "2696"]
[PlyCount "45"]
[EventDate "2009.04.04"]
[EventType "team-tourn"]
[EventRounds "7"]
[EventCountry "RUS"]
[Source "Mark Crowther"]
[SourceDate "2009.01.05"]

{B97: Sizilianisch (Najdorf-Variante)} 1. e4 c5 2. Nf3 d6 3. d4 cxd4 4. Nxd4
Nf6 5. Nc3 a6 6. Bg5 e6 7. f4 Qb6 8. Qd2 Qxb2 9. Rb1 Qa3 10. e5 dxe5 11. fxe5
Nfd7 12. Ne4 h6 13. Bh4 Qxa2 14. Rd1 Qd5 (14... Qb2 15. Qe3 Bc5 16. Be2 Nc6 17.
c3 Qa3 18. O-O O-O 19. Nf6+ Nxf6 20. Bxf6 Nxd4 21. Rxd4 Bxd4 22. Qxd4 gxf6 23.
exf6 Qa5 24. h4 Kh7 25. Bd3+ Qf5 26. Re1 Rg8 27. Kh2 a5 28. g4 Qxd3 29. Qxd3+ {
Radjabov,T (2729)-Karjakin,S (2672)/Cap d'Agde 2006/1-0}) 15. Qe3 Bc5 $146 (
15... Qxe5 16. Bg3 (16. Be2 Bc5 17. Bg3 Qd5 18. Bf3 O-O 19. Qc3 e5 20. Nb3 Bd4
21. Nxd4 exd4 22. Rxd4 Qe6 23. Rd6 Qe7 24. Rd2 Nf6 25. Bd6 Nxe4 26. Bxe7 Nxc3
27. Bxf8 Nc6 28. Bxc6 bxc6 29. Rd8 Bb7 30. Rxa8 Bxa8 {JUNIOR-CLUSTER TOGA/
Peking 2008/1-0}) 16... Qa5+ 17. c3 Nc6 18. Nxc6 bxc6 19. Nd6+ Bxd6 20. Bxd6
Nf6 21. Bc4 Qg5 22. Qb6 Qh4+ 23. Bg3 Qe4+ 24. Be2 O-O 25. Rf1 e5 26. Rd3 Nd5
27. Qxc6 Bg4 28. Rff3 Nf6 29. Qxe4 Nxe4 30. Bxe5 {Vasquez,R (2522)-Valenzuela
Fuentealba,L (2434)/Endesa CHI 2008/0-1}) (15... Qxe5 $5 16. Be2 Bc5 $17) 16.
Nxe6 $15 Bb4+ (16... Bxe3 17. Nc7+ (17. Rxd5 $2 fxe6 18. Nd6+ Kf8 $19) 17...
Kf8 18. Rxd5 $16 (18. Nxd5 $6 Bg5 19. Bxg5 hxg5 $16)) (16... Qxe6 $6 17. Nxc5
Qb6 18. e6 $14) 17. c3 Qxe6 18. cxb4 O-O 19. Rd6 Qxe5 20. Bc4 Nc6 (20... Qh5 $5
21. Be7 Re8 $11) 21. O-O $14 Qh5 $2 (21... Nxb4 22. Bxf7+ Rxf7 23. Rxf7 Kxf7
24. Rxd7+ Bxd7 25. Ng5+ Qxg5 26. Bxg5 $14) 22. Qf4 (22. Bf6 $142 $5 Nde5 23.
Qg3 $16) 22... Nde5 $4 (22... a5 23. Bf6 Nxf6 (23... gxf6 $4 24. Rxd7 Qg6 25.
Rd3 $18) (23... Nxb4 24. Qg3 g5 25. Bc3 $18) (23... axb4 $4 24. Qg3 g5 25. Bb2
$18) 24. Nxf6+ gxf6 25. Rxf6 Qg5 (25... Nxb4 26. Rxf7 Qc5+ 27. Rf2 Be6 28. Bxe6
Rxf7 29. Qxf7+ Kh8 30. Bf5 Qc1+ 31. Rf1 Qc5+ 32. Kh1 Qxf5 33. Qxf5 Nd3 34. Qxd3
Rg8 35. Rf6 Rg5 36. Rxh6+ Kg7 37. Qh7+ Kf8 38. Rf6+ Ke8 39. Qf7+ Kd8 40. Rd6+
Kc8 41. Qf8+ Kc7 42. Qd8#) (25... axb4 26. Rxh6 Qxh6 27. Qxh6 $18) 26. Rxf7
Qxf4 27. R7xf4+ Be6 28. Bxe6+ Kg7 29. Rg4+ Kh8 30. Rxf8+ Rxf8 31. bxa5 Nxa5 $14
) 23. Rxh6 $18 (23. Rxh6 Qxh6 24. Nf6+ Kh8 25. Bg5 $18) 1-0

[Event "Battle of the GMs"]
[Site "Dapitan PHI"]
[Date "2009.03.24"]
[Round "1"]
[White "Villamayor, Bong"]
[Black "So, Wesley"]
[Result "0-1"]
[WhiteElo "2471"]
[BlackElo "2627"]
[PlyCount "48"]
[EventDate "2009.03.24"]
[EventType "tourn"]
[EventRounds "11"]
[EventCountry "PHI"]
[EventCategory "11"]
[Source "Mark Crowther"]
[SourceDate "2009.01.05"]

{D02: Damenbauernspiele} 1. d4 d5 2. Nf3 Nf6 3. Bf4 c5 4. c3 Nc6 5. e3 Nh5 6.
Bg5 h6 7. Bh4 g5 8. Ne5 Nxe5 9. dxe5 $146 (9. Qxh5 Qb6 10. dxe5 Qxb2 11. Bg3 c4
12. Qd1 Qxa1 13. Qc2 e6 14. Be2 Ba3 15. O-O Qb2 16. Qxb2 Bxb2 17. Rd1 b5 18.
Rd2 Ba1 19. a3 a5 20. Ra2 Bxc3 21. Nxc3 Bd7 22. Rb2 Rb8 23. Nxd5 exd5 {Barker,
P-Homola,U/Deutschland 2007/0-1}) 9... Ng7 (9... Qb6 10. b3 $15) 10. Bg3 $11
Nf5 11. Bb5+ Bd7 12. Qa4 Bg7 13. e4 dxe4 14. Bxd7+ (14. Na3 $5 a6 15. Bxd7+
Qxd7 16. Qxe4 Nxg3 17. hxg3 $15) 14... Qxd7 $17 15. Qxe4 (15. Qxd7+ Kxd7 16.
Nd2 h5 $17) 15... O-O-O 16. O-O Qd3 (16... h5 $5 17. h3 g4 $19) 17. Qa4 h5 18.
Qxa7 h4 19. Na3 Qa6 20. Qxc5+ Qc6 21. Qa5 $2 (21. Qxc6+ $142 bxc6 22. Nc4 $15)
21... Rd5 $19 (21... Nxg3 22. Nb5 Ne2+ 23. Kh1 $17) 22. Qa7 hxg3 (22... Nxg3
$143 23. fxg3 hxg3 24. Qe3 Rxh2 25. Qxg3 Bxe5 26. Qg4+ Kb8 27. Nc4 Qc5+ 28. Rf2
$19) 23. c4 $4 (23. fxg3 $142 e6 24. Nc2 Bxe5 25. Nb4 Qc5+ 26. Qxc5+ Rxc5 27.
Nd3 $19) 23... Rxh2 24. Qa8+ Kc7 (24... Kc7 25. e6 Re5 26. Qd8+ Kxd8 27. Rad1+
Nd6 28. Rd5 Rxd5 29. Nc2 Re5 30. Ne3 Rxe3 31. f3 Rxe6 32. Rf2 Re1+ 33. Rf1 Qc5#
) 0-1